[Event "escc2023_50"]
[Site "?"]
[Date "2023.05.30"]
[Round "5.15"]
[White "Wacker, Peter"]
[Black "Waddington, Mike P"]
[Result "1-0"]
[BlackElo "1996"]
[WhiteElo "2265"]
[LiveChessVersion "1.4.8"]

1. d4 {[%clk 1:30:57]} f5 {[%clk 1:30:49]} 2. Nf3 {[%clk 1:30:59]} Nf6
{[%clk 1:31:11]} 3. g3 {[%clk 1:31:04]} g6 {[%clk 1:31:18]} 4. Bg2
{[%clk 1:31:27]} Bg7 {[%clk 1:31:42]} 5. c4 {[%clk 1:31:41]} O-O {[%clk 1:31:43]}
6. Nc3 {[%clk 1:32:04]} d6 {[%clk 1:32:05]} 7. O-O {[%clk 1:32:26]} c6
{[%clk 1:32:23]} 8. d5 {[%clk 1:32:20]} e5 {[%clk 1:32:32]} 9. dxe6
{[%clk 1:32:26]} Bxe6 {[%clk 1:32:54]} 10. b3 {[%clk 1:30:07]} Qe7
{[%clk 1:30:31]} 11. Ng5 {[%clk 0:58:27]} Nbd7 {[%clk 1:23:50]} 12. Rb1
{[%clk 0:50:31]} Ne5 {[%clk 1:21:30]} 13. Bb2 {[%clk 0:44:09]} Rad8
{[%clk 1:19:04]} 14. Nxe6 {[%clk 0:43:48]} Qxe6 {[%clk 1:19:20]} 15. Qd2
{[%clk 0:42:40]} Neg4 {[%clk 1:09:33]} 16. Rbe1 {[%clk 0:33:01]} Bh6
{[%clk 1:05:59]} 17. e3 {[%clk 0:32:11]} Rd7 {[%clk 0:54:59]} 18. h3
{[%clk 0:31:45]} Ne5 {[%clk 0:54:54]} 19. f4 {[%clk 0:31:23]} Nf7
{[%clk 0:54:07]} 20. e4 {[%clk 0:30:02]} Bg7 {[%clk 0:46:15]} 21. Kh2
{[%clk 0:24:41]} Rdd8 {[%clk 0:41:06]} 22. exf5 {[%clk 0:20:42]} Qxf5
{[%clk 0:41:24]} 23. Re7 {[%clk 0:20:11]} Qc8 {[%clk 0:38:01]} 24. Rfe1
{[%clk 0:18:10]} Rfe8 {[%clk 0:36:48]} 25. Nd1 {[%clk 0:16:35]} Rxe7
{[%clk 0:35:57]} 26. Rxe7 {[%clk 0:17:00]} Re8 {[%clk 0:35:27]} 27. Rxe8+
{[%clk 0:16:16]} Qxe8 {[%clk 0:35:38]} 28. Nf2 {[%clk 0:16:31]} a6
{[%clk 0:32:25]} 29. Bc3 {[%clk 0:15:07]} Qe6 {[%clk 0:31:42]} 30. Bf3
{[%clk 0:13:57]} Qe7 {[%clk 0:27:27]} 31. Kg2 {[%clk 0:14:20]} Nd7
{[%clk 0:22:48]} 32. Bxg7 {[%clk 0:14:44]} Kxg7 {[%clk 0:23:14]} 33. Ne4
{[%clk 0:12:32]} Nc5 {[%clk 0:18:26]} 34. Qd4+ {[%clk 0:10:46]} Kf8
{[%clk 0:18:41]} 35. Nf6 {[%clk 0:10:41]} h6 {[%clk 0:18:17]} 36. Nh7+
{[%clk 0:08:18]} Kg8 {[%clk 0:18:00]} 37. Nf6+ {[%clk 0:08:44]} Kf8
{[%clk 0:18:25]} 38. Ng4 {[%clk 0:09:06]} Qe1 {[%clk 0:14:40]} 39. Nf2
{[%clk 0:08:00]} Qe7 {[%clk 0:11:26]} 40. Bg4 {[%clk 0:07:05]} a5
{[%clk 0:06:06]} 41. Qc3 {[%clk 0:03:21]} Qd8 {[%clk 0:03:52]} 42. a3
{[%clk 0:29:24]} Qe7 {[%clk 0:22:03]} 43. Bf3 {[%clk 0:28:40]} g5
{[%clk 0:18:15]} 44. b4 {[%clk 0:27:14]} axb4 {[%clk 0:18:13]} 45. axb4
{[%clk 0:27:40]} Na6 {[%clk 0:17:24]} 46. fxg5 {[%clk 0:22:43]} hxg5
{[%clk 0:17:40]} 47. b5 {[%clk 0:21:13]} cxb5 {[%clk 0:17:40]} 48. cxb5
{[%clk 0:21:38]} Nc5 {[%clk 0:17:54]} 49. Bd5 {[%clk 0:20:44]} Ne5
{[%clk 0:16:16]} 50. Qa3 {[%clk 0:19:40]} Kg7 {[%clk 0:13:50]} 51. Qa8
{[%clk 0:19:30]} Nf7 {[%clk 0:13:32]} 52. Qc8 {[%clk 0:19:24]} Nh6
{[%clk 0:09:59]} 53. b6 {[%clk 0:18:38]} Nf7 {[%clk 0:07:21]} 54. Qc7
{[%clk 0:16:12]} Kf8 {[%clk 0:07:01]} 55. Qc8+ {[%clk 0:12:20]} Kg7
{[%clk 0:07:12]} 56. Qf5 {[%clk 0:12:28]} Ne5 {[%clk 0:06:59]} 57. Ne4
{[%clk 0:08:53]} Nxe4 {[%clk 0:05:15]} 58. Bxe4 {[%clk 0:08:37]} Kh6
{[%clk 0:04:10]} 59. g4 {[%clk 0:04:22]} Qg7 {[%clk 0:02:44]} 60. Qe6+
{[%clk 0:03:48]} Ng6 {[%clk 0:02:59]} 61. Qxd6 {[%clk 0:03:57]} Qb2+
{[%clk 0:03:06]} 62. Kf3 {[%clk 0:03:37]} Qb3+ {[%clk 0:03:02]} 63. Bd3
{[%clk 0:02:29]} Qd1+ {[%clk 0:03:24]} 64. Ke3 {[%clk 0:02:32]} Qe1+
{[%clk 0:02:17]} 65. Kd4 {[%clk 0:02:46]} Qg1+ {[%clk 0:01:42]} 66. Kc3
{[%clk 0:02:33]} Qc1+ {[%clk 0:01:56]} 67. Kb3 {[%clk 0:02:21]} Qd1+
{[%clk 0:02:06]} 68. Kc4 {[%clk 0:02:26]} Qa4+ {[%clk 0:01:46]} 69. Kc3
{[%clk 0:02:23]} Qa1+ {[%clk 0:01:34]} 70. Kc2 {[%clk 0:02:48]} Qa2+
{[%clk 0:01:47]} 71. Kc1 {[%clk 0:03:06]} Qa1+ {[%clk 0:02:08]} 72. Bb1
{[%clk 0:03:23]} Qc3+ {[%clk 0:02:26]} 73. Bc2 {[%clk 0:03:49]} Qa1+
{[%clk 0:01:53]} 74. Kd2 {[%clk 0:04:00]} Qa5+ {[%clk 0:02:09]} 75. Kc1
{[%clk 0:03:10]} Qa1+ {[%clk 0:02:24]} 76. Bb1 {[%clk 0:03:19]} Qc3+
{[%clk 0:02:34]} 77. Kd1 {[%clk 0:03:39]} Qf3+ {[%clk 0:02:06]} 78. Kc2
{[%clk 0:03:55]} Qg2+ {[%clk 0:01:49]} 79. Kb3 {[%clk 0:03:21]} Qf3+
{[%clk 0:01:48]} 80. Kb4 {[%clk 0:02:15]} 1-0

[Event "escc2023_50"]
[Site "?"]
[Date "2023.05.30"]
[Round "5.16"]
[White "Katzir, Moshe"]
[Black "Tunge, Christian"]
[Result "1-0"]
[BlackElo "1991"]
[WhiteElo "2150"]
[LiveChessVersion "1.4.8"]

1. d4 {[%clk 1:30:54]} Nf6 {[%clk 1:30:31]} 2. Bf4 {[%clk 1:30:55]} g6
{[%clk 1:30:22]} 3. Nc3 {[%clk 1:29:40]} d5 {[%clk 1:29:53]} 4. e3
{[%clk 1:29:27]} Bg7 {[%clk 1:17:24]} 5. h4 {[%clk 1:25:48]} h5 {[%clk 1:15:01]}
6. Qd2 {[%clk 1:18:59]} Bg4 {[%clk 1:01:35]} 7. f3 {[%clk 1:16:41]} Bf5
{[%clk 1:01:29]} 8. Nge2 {[%clk 1:14:32]} c6 {[%clk 0:58:27]} 9. Ng3
{[%clk 1:07:45]} Be6 {[%clk 0:57:46]} 10. e4 {[%clk 0:57:14]} dxe4
{[%clk 0:37:16]} 11. fxe4 {[%clk 0:57:31]} Qa5 {[%clk 0:37:34]} 12. Rd1
{[%clk 0:49:32]} Bg4 {[%clk 0:29:59]} 13. Rb1 {[%clk 0:44:55]} Nbd7
{[%clk 0:27:18]} 14. b4 {[%clk 0:43:58]} Qd8 {[%clk 0:24:22]} 15. e5
{[%clk 0:40:06]} Nd5 {[%clk 0:23:44]} 16. Nxd5 {[%clk 0:40:11]} cxd5
{[%clk 0:24:08]} 17. Be2 {[%clk 0:37:39]} Bxe2 {[%clk 0:23:11]} 18. Nxe2
{[%clk 0:34:27]} e6 {[%clk 0:23:12]} 19. Bg5 {[%clk 0:31:30]} Qc7
{[%clk 0:20:13]} 20. O-O {[%clk 0:28:40]} Rc8 {[%clk 0:17:00]} 21. c3
{[%clk 0:25:31]} O-O {[%clk 0:07:54]} 22. Rbc1 {[%clk 0:25:23]} Rfe8
{[%clk 0:03:51]} 23. g4 {[%clk 0:21:58]} hxg4 {[%clk 0:03:36]} 24. Rf4
{[%clk 0:13:14]} Nxe5 {[%clk 0:01:43]} 25. dxe5 {[%clk 0:12:45]} Bxe5
{[%clk 0:01:16]} 26. Rxg4 {[%clk 0:12:59]} Kh7 {[%clk 0:00:40]} 27. Be3
{[%clk 0:11:03]} Rh8 {[%clk 0:00:51]} 28. Bd4 {[%clk 0:10:52]} Kg8
{[%clk 0:01:11]} 29. Qg5 {[%clk 0:10:29]} Bxd4+ {[%clk 0:00:38]} 30. Nxd4
{[%clk 0:08:30]} Kf8 {[%clk 0:00:40]} 31. Nxe6+ {[%clk 0:07:48]} fxe6
{[%clk 0:00:56]} 32. Qf6+ {[%clk 0:08:05]} 1-0

[Event "escc2023_50"]
[Site "?"]
[Date "2023.05.30"]
[Round "5.17"]
[White "Sielicki, Tomasz"]
[Black "Folk, Petr"]
[Result "1/2-1/2"]
[BlackElo "2135"]
[WhiteElo "1972"]
[LiveChessVersion "1.4.8"]

1. d4 {[%clk 1:30:53]} Nf6 {[%clk 1:30:53]} 2. Bg5 {[%clk 1:31:12]} e6
{[%clk 1:30:51]} 3. e4 {[%clk 1:31:18]} h6 {[%clk 1:31:06]} 4. Bxf6
{[%clk 1:31:38]} Qxf6 {[%clk 1:31:32]} 5. c3 {[%clk 1:31:43]} d6 {[%clk 1:31:14]}
6. Bd3 {[%clk 1:31:48]} Nc6 {[%clk 1:26:54]} 7. Ne2 {[%clk 1:31:11]} e5
{[%clk 1:23:49]} 8. O-O {[%clk 1:30:49]} Bd7 {[%clk 1:17:50]} 9. Bb5
{[%clk 1:15:30]} a6 {[%clk 1:09:58]} 10. Ba4 {[%clk 1:12:58]} Be7
{[%clk 1:00:10]} 11. f4 {[%clk 1:08:18]} 1/2-1/2

[Event "escc2023_50"]
[Site "?"]
[Date "2023.05.30"]
[Round "5.18"]
[White "Lasinskas, Povilas"]
[Black "Kirszenberg, Marc"]
[Result "1-0"]
[BlackElo "1984"]
[WhiteElo "2131"]
[LiveChessVersion "1.4.8"]

1. d4 {[%clk 1:30:58]} d5 {[%clk 1:30:59]} 2. Nc3 {[%clk 1:31:16]} Nf6
{[%clk 1:31:25]} 3. Bg5 {[%clk 1:31:30]} Bf5 {[%clk 1:31:24]} 4. e3
{[%clk 1:31:38]} e6 {[%clk 1:27:25]} 5. Bd3 {[%clk 1:31:03]} Bxd3
{[%clk 1:26:38]} 6. Qxd3 {[%clk 1:31:22]} c6 {[%clk 1:26:44]} 7. f4
{[%clk 1:31:35]} Qb6 {[%clk 1:24:55]} 8. Nge2 {[%clk 1:27:47]} Qa6
{[%clk 1:22:23]} 9. Qd2 {[%clk 1:26:50]} Nbd7 {[%clk 1:18:41]} 10. O-O
{[%clk 1:26:58]} Bb4 {[%clk 1:13:50]} 11. Qd1 {[%clk 1:26:47]} Ng4
{[%clk 1:04:07]} 12. Rf3 {[%clk 1:26:53]} f5 {[%clk 1:03:59]} 13. a3
{[%clk 1:25:43]} Bxc3 {[%clk 1:00:13]} 14. Nxc3 {[%clk 1:25:59]} Ngf6
{[%clk 0:48:41]} 15. Rg3 {[%clk 1:25:11]} g6 {[%clk 0:47:29]} 16. Qe1
{[%clk 1:17:51]} Kf7 {[%clk 0:42:32]} 17. Rh3 {[%clk 1:13:18]} Qa5
{[%clk 0:34:18]} 18. Rd1 {[%clk 1:12:10]} Rag8 {[%clk 0:31:52]} 19. Qe2
{[%clk 1:09:53]} a6 {[%clk 0:25:29]} 20. Bxf6 {[%clk 0:53:10]} Nxf6
{[%clk 0:25:50]} 21. Qd2 {[%clk 0:52:30]} Qc7 {[%clk 0:24:36]} 22. Ne2
{[%clk 0:45:43]} Ne4 {[%clk 0:21:22]} 23. Qe1 {[%clk 0:44:59]} Rc8
{[%clk 0:20:52]} 24. c3 {[%clk 0:40:03]} Qe7 {[%clk 0:16:49]} 25. Nc1
{[%clk 0:40:06]} Kg7 {[%clk 0:16:46]} 26. Nd3 {[%clk 0:40:27]} b5
{[%clk 0:12:49]} 27. Ne5 {[%clk 0:40:08]} h5 {[%clk 0:12:16]} 28. Qe2
{[%clk 0:38:11]} a5 {[%clk 0:12:20]} 29. Rc1 {[%clk 0:36:44]} a4 {[%clk 0:12:38]}
30. Rf1 {[%clk 0:36:26]} Rh6 {[%clk 0:11:55]} 31. Rff3 {[%clk 0:34:57]} Rc7
{[%clk 0:11:32]} 32. Qe1 {[%clk 0:34:40]} Kh7 {[%clk 0:10:13]} 33. Rh4
{[%clk 0:33:42]} Kg8 {[%clk 0:07:17]} 34. Rfh3 {[%clk 0:32:37]} Nf6
{[%clk 0:04:32]} 35. Rg3 {[%clk 0:28:53]} Kh7 {[%clk 0:04:12]} 36. Rg5
{[%clk 0:27:24]} Qg7 {[%clk 0:02:43]} 37. Qe2 {[%clk 0:26:58]} Kg8
{[%clk 0:02:56]} 38. Rg3 {[%clk 0:22:40]} Kf8 {[%clk 0:02:14]} 39. Rf3
{[%clk 0:19:39]} Ne4 {[%clk 0:01:34]} 40. Rf1 {[%clk 0:17:06]} Qf6
{[%clk 0:01:35]} 41. Rh3 {[%clk 0:17:12]} Kg7 {[%clk 0:01:17]} 42. Qe1
{[%clk 0:14:35]} Rh8 {[%clk 0:30:29]} 43. Rh4 {[%clk 0:42:58]} Nd2
{[%clk 0:28:57]} 44. Rxh5 {[%clk 0:40:50]} Nxf1 {[%clk 0:27:51]} 45. Rxh8
{[%clk 0:39:32]} Kxh8 {[%clk 0:27:55]} 46. Kxf1 {[%clk 0:39:48]} Kg7
{[%clk 0:24:30]} 47. h3 {[%clk 0:38:18]} Rc8 {[%clk 0:24:17]} 48. g3
{[%clk 0:37:58]} g5 {[%clk 0:18:15]} 49. Kg2 {[%clk 0:37:00]} Qh6
{[%clk 0:17:42]} 50. fxg5 {[%clk 0:29:33]} Qxg5 {[%clk 0:18:06]} 51. Nd3
{[%clk 0:29:27]} Kf6 {[%clk 0:17:47]} 52. Nf4 {[%clk 0:28:13]} Rg8
{[%clk 0:17:28]} 53. Nd3 {[%clk 0:26:07]} Qh5 {[%clk 0:15:52]} 54. Ne5
{[%clk 0:25:16]} Rh8 {[%clk 0:15:29]} 55. h4 {[%clk 0:25:25]} Rg8
{[%clk 0:14:51]} 56. Kh2 {[%clk 0:25:47]} Rc8 {[%clk 0:13:21]} 57. Qf2
{[%clk 0:24:45]} Ke7 {[%clk 0:11:20]} 58. Qe1 {[%clk 0:23:17]} Kd6
{[%clk 0:11:09]} 59. Kh3 {[%clk 0:21:29]} Kc7 {[%clk 0:10:55]} 60. Qf1
{[%clk 0:19:40]} Kb6 {[%clk 0:09:15]} 61. Nd7+ {[%clk 0:17:54]} Kc7
{[%clk 0:09:09]} 62. Nc5 {[%clk 0:17:05]} Qg4+ {[%clk 0:08:43]} 63. Kh2
{[%clk 0:17:26]} Re8 {[%clk 0:06:49]} 64. Qf2 {[%clk 0:16:27]} e5
{[%clk 0:05:40]} 65. Nd3 {[%clk 0:16:51]} exd4 {[%clk 0:04:48]} 66. cxd4
{[%clk 0:17:16]} Qe4 {[%clk 0:04:36]} 67. Ne5 {[%clk 0:17:24]} c5
{[%clk 0:04:43]} 68. Qd2 {[%clk 0:17:17]} Kb6 {[%clk 0:02:11]} 69. Qc3
{[%clk 0:15:09]} c4 {[%clk 0:01:40]} 70. Qb4 {[%clk 0:14:36]} Rxe5
{[%clk 0:01:20]} 71. Qd6+ {[%clk 0:14:56]} Ka5 {[%clk 0:01:05]} 72. dxe5
{[%clk 0:11:23]} Qc2+ {[%clk 0:00:57]} 73. Kh3 {[%clk 0:11:49]} Qf2
{[%clk 0:00:56]} 74. Qxd5 {[%clk 0:11:20]} Qxe3 {[%clk 0:01:15]} 75. Qd8+
{[%clk 0:10:51]} Ka6 {[%clk 0:01:19]} 76. Qc8+ {[%clk 0:10:58]} Ka5
{[%clk 0:01:39]} 77. Qxf5 {[%clk 0:10:52]} Qe2 {[%clk 0:02:02]} 78. e6
{[%clk 0:10:26]} Qxb2 {[%clk 0:02:25]} 79. e7 {[%clk 0:10:10]} Qe2
{[%clk 0:02:37]} 80. Qf7 {[%clk 0:09:50]} 1-0

[Event "escc2023_50"]
[Site "?"]
[Date "2023.05.30"]
[Round "5.19"]
[White "Cazzaniga, Walter"]
[Black "Folkova, Martina"]
[Result "1-0"]
[BlackElo "2049"]
[WhiteElo "1970"]
[LiveChessVersion "1.4.8"]

1. d4 {[%clk 1:30:56]} d5 {[%clk 1:30:54]} 2. c4 {[%clk 1:31:16]} e6
{[%clk 1:31:17]} 3. Nc3 {[%clk 1:31:30]} c6 {[%clk 1:31:38]} 4. e4
{[%clk 1:27:33]} Bb4 {[%clk 1:31:37]} 5. cxd5 {[%clk 1:27:47]} exd5
{[%clk 1:31:18]} 6. e5 {[%clk 1:27:30]} Ne7 {[%clk 1:27:06]} 7. Bd3
{[%clk 1:23:43]} c5 {[%clk 1:19:12]} 8. Nge2 {[%clk 1:15:13]} cxd4
{[%clk 1:12:57]} 9. Nxd4 {[%clk 1:15:25]} Nbc6 {[%clk 1:09:49]} 10. Nxc6
{[%clk 1:15:27]} bxc6 {[%clk 1:06:44]} 11. O-O {[%clk 1:15:17]} a5
{[%clk 0:58:56]} 12. Bg5 {[%clk 1:08:33]} Bxc3 {[%clk 0:39:14]} 13. bxc3
{[%clk 1:08:59]} Ba6 {[%clk 0:39:21]} 14. Bxa6 {[%clk 1:07:50]} Rxa6
{[%clk 0:39:44]} 15. Qe2 {[%clk 1:07:09]} Qc8 {[%clk 0:32:42]} 16. Bxe7
{[%clk 1:06:55]} Kxe7 {[%clk 0:33:07]} 17. f4 {[%clk 1:03:30]} Re8
{[%clk 0:30:58]} 18. Qh5 {[%clk 0:50:31]} c5 {[%clk 0:24:02]} 19. Qxh7
{[%clk 0:50:11]} Rh8 {[%clk 0:23:15]} 20. Qd3 {[%clk 0:49:39]} Rd8
{[%clk 0:21:04]} 21. f5 {[%clk 0:49:14]} Rh6 {[%clk 0:20:04]} 22. Rab1
{[%clk 0:42:15]} Qc7 {[%clk 0:16:43]} 23. Qg3 {[%clk 0:42:04]} Kf8
{[%clk 0:16:48]} 24. Rbe1 {[%clk 0:36:34]} Re8 {[%clk 0:13:15]} 25. Qf4
{[%clk 0:33:37]} Kg8 {[%clk 0:11:06]} 26. Rf3 {[%clk 0:28:36]} d4
{[%clk 0:06:30]} 27. cxd4 {[%clk 0:28:18]} cxd4 {[%clk 0:06:55]} 28. Qxd4
{[%clk 0:27:16]} Rd8 {[%clk 0:07:21]} 29. Qe3 {[%clk 0:26:24]} Rh4
{[%clk 0:04:42]} 30. g3 {[%clk 0:25:05]} Rhd4 {[%clk 0:04:08]} 31. e6
{[%clk 0:19:36]} Qe7 {[%clk 0:03:15]} 32. exf7+ {[%clk 0:16:06]} Qxf7
{[%clk 0:03:42]} 33. Qe6 {[%clk 0:14:39]} Rd2 {[%clk 0:03:19]} 34. Rf2
{[%clk 0:14:22]} Rxf2 {[%clk 0:01:59]} 35. Kxf2 {[%clk 0:14:48]} Rd5
{[%clk 0:01:57]} 36. Qxf7+ {[%clk 0:15:03]} Kxf7 {[%clk 0:02:25]} 37. g4
{[%clk 0:14:41]} Rd3 {[%clk 0:02:07]} 38. Re3 {[%clk 0:12:54]} Rd2+
{[%clk 0:02:14]} 39. Re2 {[%clk 0:13:21]} Rd3 {[%clk 0:02:39]} 40. Kg2
{[%clk 0:12:38]} a4 {[%clk 0:02:15]} 41. h4 {[%clk 0:11:06]} a3 {[%clk 0:29:53]}
42. Re6 {[%clk 0:35:50]} Rd2+ {[%clk 0:25:13]} 43. Kf3 {[%clk 0:36:03]} Rxa2
{[%clk 0:25:27]} 44. Kf4 {[%clk 0:36:22]} Rg2 {[%clk 0:23:07]} 45. Ra6
{[%clk 0:35:53]} a2 {[%clk 0:23:06]} 46. Kg5 {[%clk 0:35:48]} Rb2
{[%clk 0:21:00]} 47. Ra7+ {[%clk 0:35:34]} Kf8 {[%clk 0:21:18]} 48. Kh5
{[%clk 0:35:20]} Rf2 {[%clk 0:20:24]} 49. Kg6 {[%clk 0:35:32]} Rf4
{[%clk 0:19:09]} 50. g5 {[%clk 0:35:57]} Rxh4 {[%clk 0:14:19]} 51. Rxa2
{[%clk 0:36:23]} Rf4 {[%clk 0:14:11]} 52. Ra8+ {[%clk 0:36:22]} Ke7
{[%clk 0:14:37]} 53. Ra7+ {[%clk 0:36:32]} Kf8 {[%clk 0:14:45]} 54. Rf7+
{[%clk 0:36:58]} Ke8 {[%clk 0:14:30]} 55. Rxg7 {[%clk 0:37:23]} Rf1
{[%clk 0:14:28]} 56. f6 {[%clk 0:37:44]} Rf2 {[%clk 0:13:51]} 57. Ra7
{[%clk 0:37:49]} Rf1 {[%clk 0:13:17]} 58. f7+ {[%clk 0:37:36]} Kf8
{[%clk 0:13:34]} 59. Ra8+ {[%clk 0:37:53]} 1-0

[Event "escc2023_50"]
[Site "?"]
[Date "2023.05.30"]
[Round "5.20"]
[White "Druckenthaner, Andreas"]
[Black "Braun, Klaus"]
[Result "1-0"]
[BlackElo "1976"]
[WhiteElo "2227"]
[LiveChessVersion "1.4.8"]

1. e4 {[%clk 1:30:55]} c5 {[%clk 1:30:56]} 2. Nc3 {[%clk 1:31:01]} Nc6
{[%clk 1:31:05]} 3. Nge2 {[%clk 1:31:12]} d6 {[%clk 1:27:47]} 4. d4
{[%clk 1:31:22]} cxd4 {[%clk 1:27:42]} 5. Nxd4 {[%clk 1:31:44]} Nf6
{[%clk 1:28:08]} 6. Be2 {[%clk 1:32:03]} e5 {[%clk 1:27:43]} 7. Nf3
{[%clk 1:32:26]} h6 {[%clk 1:28:07]} 8. O-O {[%clk 1:32:50]} Be7 {[%clk 1:28:00]}
9. Re1 {[%clk 1:32:51]} O-O {[%clk 1:27:20]} 10. h3 {[%clk 1:30:18]} Be6
{[%clk 1:26:50]} 11. Bf1 {[%clk 1:30:41]} Rc8 {[%clk 1:22:30]} 12. Nd5
{[%clk 1:26:22]} Bxd5 {[%clk 1:17:08]} 13. exd5 {[%clk 1:25:57]} Nb4
{[%clk 1:16:43]} 14. c4 {[%clk 1:25:57]} a5 {[%clk 1:16:55]} 15. Bd2
{[%clk 1:05:59]} Na6 {[%clk 1:10:09]} 16. a3 {[%clk 1:02:03]} Nd7
{[%clk 0:59:31]} 17. b4 {[%clk 1:01:28]} axb4 {[%clk 0:59:14]} 18. axb4
{[%clk 1:01:49]} f5 {[%clk 0:58:47]} 19. Qb3 {[%clk 0:49:25]} Bg5
{[%clk 0:41:57]} 20. Nxg5 {[%clk 0:38:51]} hxg5 {[%clk 0:42:24]} 21. Qg3
{[%clk 0:39:05]} f4 {[%clk 0:42:15]} 22. Qg4 {[%clk 0:38:33]} Qe7
{[%clk 0:36:46]} 23. Bd3 {[%clk 0:36:41]} Nf6 {[%clk 0:31:13]} 24. Qxg5
{[%clk 0:36:42]} Nxd5 {[%clk 0:31:22]} 25. Qg6 {[%clk 0:33:48]} Nf6
{[%clk 0:31:31]} 26. c5 {[%clk 0:30:13]} Qe8 {[%clk 0:25:10]} 27. Qg5
{[%clk 0:25:49]} Qd8 {[%clk 0:21:34]} 28. Rad1 {[%clk 0:16:25]} e4
{[%clk 0:15:49]} 29. Bc4+ {[%clk 0:09:54]} d5 {[%clk 0:16:01]} 30. Bc3
{[%clk 0:09:48]} Nc7 {[%clk 0:14:33]} 31. Rxe4 {[%clk 0:09:31]} Rf7
{[%clk 0:10:04]} 32. Bxf6 {[%clk 0:08:09]} Qxf6 {[%clk 0:09:34]} 33. Qxf6
{[%clk 0:08:01]} Rxf6 {[%clk 0:10:02]} 34. Bxd5+ {[%clk 0:08:18]} Nxd5
{[%clk 0:10:05]} 35. Rxd5 {[%clk 0:08:41]} b6 {[%clk 0:10:26]} 36. cxb6
{[%clk 0:07:49]} Rxb6 {[%clk 0:10:23]} 37. Rxf4 {[%clk 0:08:05]} 1-0

[Event "escc2023_50"]
[Site "?"]
[Date "2023.05.30"]
[Round "5.21"]
[White "Fink-Nunn, Petra"]
[Black "Molina, Fabrizio"]
[Result "0-1"]
[BlackElo "2131"]
[WhiteElo "1970"]
[LiveChessVersion "1.4.8"]

1. e4 {[%clk 1:30:57]} d6 {[%clk 1:30:30]} 2. d4 {[%clk 1:31:14]} Nf6
{[%clk 1:30:54]} 3. Bd3 {[%clk 1:31:10]} e5 {[%clk 1:31:02]} 4. c3
{[%clk 1:31:23]} d5 {[%clk 1:24:29]} 5. dxe5 {[%clk 1:31:37]} Nxe4
{[%clk 1:24:53]} 6. Nf3 {[%clk 1:31:35]} Nc6 {[%clk 1:24:47]} 7. O-O
{[%clk 1:30:59]} Bg4 {[%clk 1:24:10]} 8. Nbd2 {[%clk 1:29:38]} Nc5
{[%clk 1:24:29]} 9. Bc2 {[%clk 1:27:55]} Ne6 {[%clk 1:22:24]} 10. h3
{[%clk 1:22:56]} Bh5 {[%clk 1:20:04]} 11. Re1 {[%clk 1:20:27]} Bc5
{[%clk 1:13:35]} 12. Nf1 {[%clk 1:11:45]} Bg6 {[%clk 1:10:31]} 13. Be3
{[%clk 0:52:49]} O-O {[%clk 0:58:32]} 14. Bxg6 {[%clk 0:45:50]} hxg6
{[%clk 0:56:47]} 15. Qe2 {[%clk 0:37:08]} d4 {[%clk 0:47:53]} 16. cxd4
{[%clk 0:37:00]} Ncxd4 {[%clk 0:47:37]} 17. Nxd4 {[%clk 0:36:59]} Bxd4
{[%clk 0:46:43]} 18. Bxd4 {[%clk 0:32:07]} Qxd4 {[%clk 0:46:51]} 19. Red1
{[%clk 0:27:22]} Qb6 {[%clk 0:42:34]} 20. Rd2 {[%clk 0:24:30]} Rad8
{[%clk 0:42:39]} 21. Rad1 {[%clk 0:24:45]} Rxd2 {[%clk 0:38:34]} 22. Rxd2
{[%clk 0:24:59]} Qa5 {[%clk 0:36:15]} 23. Qe4 {[%clk 0:18:00]} b6
{[%clk 0:33:34]} 24. b4 {[%clk 0:12:52]} Qa4 {[%clk 0:29:18]} 25. Ne3
{[%clk 0:08:54]} a5 {[%clk 0:29:44]} 26. Nd5 {[%clk 0:08:46]} Re8
{[%clk 0:30:01]} 27. Qc2 {[%clk 0:08:37]} Qxc2 {[%clk 0:24:39]} 28. Rxc2
{[%clk 0:09:06]} Rd8 {[%clk 0:24:54]} 29. Ne7+ {[%clk 0:08:39]} Kf8
{[%clk 0:24:53]} 30. Nc6 {[%clk 0:09:07]} Rd1+ {[%clk 0:25:13]} 31. Kh2
{[%clk 0:09:35]} axb4 {[%clk 0:25:26]} 32. Nxb4 {[%clk 0:09:54]} c5
{[%clk 0:21:06]} 33. Nc6 {[%clk 0:09:59]} Ke8 {[%clk 0:19:49]} 34. Rb2
{[%clk 0:06:32]} Kd7 {[%clk 0:19:18]} 35. Na7 {[%clk 0:06:40]} Kc7
{[%clk 0:17:54]} 36. Nb5+ {[%clk 0:07:07]} Kc6 {[%clk 0:17:25]} 37. Nd6
{[%clk 0:04:09]} f6 {[%clk 0:16:12]} 38. Nc4 {[%clk 0:04:33]} b5 {[%clk 0:15:52]}
39. Ne3 {[%clk 0:05:01]} Re1 {[%clk 0:10:49]} 40. exf6 {[%clk 0:05:08]} gxf6
{[%clk 0:11:11]} 41. h4 {[%clk 0:26:03]} Nd4 {[%clk 0:35:32]} 42. g4
{[%clk 0:18:49]} c4 {[%clk 0:29:29]} 43. Nc2 {[%clk 0:14:50]} Nxc2
{[%clk 0:29:39]} 44. Rxc2 {[%clk 0:15:17]} Kd5 {[%clk 0:29:45]} 45. Kg3
{[%clk 0:11:42]} Ke4 {[%clk 0:20:02]} 46. Rb2 {[%clk 0:02:00]} c3
{[%clk 0:18:46]} 47. Rb4+ {[%clk 0:02:27]} 0-1

[Event "escc2023_50"]
[Site "?"]
[Date "2023.05.30"]
[Round "5.22"]
[White "Nelis, Jean-Francois"]
[Black "Genovese, Alberto"]
[Result "1/2-1/2"]
[BlackElo "1921"]
[WhiteElo "2094"]
[LiveChessVersion "1.4.8"]

1. e4 {[%clk 1:30:51]} e6 {[%clk 1:30:26]} 2. d3 {[%clk 1:30:01]} d5
{[%clk 1:29:40]} 3. Qe2 {[%clk 1:30:18]} e5 {[%clk 1:28:45]} 4. Nf3
{[%clk 1:23:34]} Nc6 {[%clk 1:27:56]} 5. g3 {[%clk 1:21:43]} dxe4
{[%clk 1:28:17]} 6. dxe4 {[%clk 1:22:08]} Nf6 {[%clk 1:27:58]} 7. Bg2
{[%clk 1:22:12]} Bc5 {[%clk 1:28:15]} 8. c3 {[%clk 1:22:02]} a5 {[%clk 1:28:37]}
9. O-O {[%clk 1:21:27]} O-O {[%clk 1:29:03]} 10. Qc2 {[%clk 1:09:25]} h6
{[%clk 1:26:46]} 11. h3 {[%clk 1:07:54]} Be6 {[%clk 1:24:01]} 12. b3
{[%clk 1:01:18]} Qe7 {[%clk 1:20:24]} 13. Nbd2 {[%clk 0:59:53]} Rfd8
{[%clk 1:16:53]} 14. Bb2 {[%clk 0:50:48]} Qd7 {[%clk 1:10:36]} 15. Kh2 Qd3 16.
Rac1 {[%clk 0:47:08]} Rd7 {[%clk 1:05:25]} 17. Qxd3 {[%clk 0:47:11]} Rxd3
{[%clk 1:05:52]} 18. Rc2 {[%clk 0:46:51]} Rad8 {[%clk 1:05:28]} 19. Bc1
{[%clk 0:46:25]} g5 {[%clk 0:58:10]} 20. Ne1 {[%clk 0:45:33]} R3d7
{[%clk 0:54:29]} 21. Bf3 {[%clk 0:42:55]} g4 {[%clk 0:46:27]} 22. hxg4
{[%clk 0:43:09]} Bxg4 {[%clk 0:42:34]} 23. Kg2 {[%clk 0:37:00]} Kg7
{[%clk 0:39:52]} 24. Nc4 {[%clk 0:33:53]} h5 {[%clk 0:31:01]} 25. a4
{[%clk 0:27:30]} Kg6 {[%clk 0:29:04]} 26. Rd2 {[%clk 0:26:33]} Nh7
{[%clk 0:27:12]} 27. Rxd7 {[%clk 0:26:39]} Rxd7 {[%clk 0:27:41]} 28. Bxg4
{[%clk 0:20:20]} hxg4 29. Rh1 1/2-1/2